MASA Y PODER/

TRADUCCION DE: MASSE UND MACHT

Tallennettuna:
Bibliografiset tiedot
Päätekijä: Canetti, Elias (autor)
Aineistotyyppi: Kirja
Sarja:EL LIBRO DE BOLSILLO; 931
Aiheet:
Tagit: Lisää tagi
Ei tageja, Lisää ensimmäinen tagi!

MARC

LEADER 00000nam^a2200000^a^4500
001 000224794
005 20250521000000.0
009 20260310104102.292
020 |a 84-206-1931-0 
035 |a 027971 
037 |a Acervo Xavier Clavigero 
082 |a 891. 813  |b CAN V. 
100 |a Canetti, Elias  |e (autor) 
245 1 0 |a MASA Y PODER/  |c ELIAS CANETTI; TR. HORST VOGEL 
264 |a MADRID :  |b ALIANZA,  |c 1982 
300 |a V.- 
336 |a texto  |b txt  |2 rdacontenido 
337 |a sin mediación  |b n  |2 rdamedio 
338 |a volumen  |b nc  |2 rdasoporte 
440 |a EL LIBRO DE BOLSILLO;  |v 931 
520 |a TRADUCCION DE: MASSE UND MACHT 
649 |a XX 
650 |a Ensayos Búlgaros 
650 |a LITERATURA BULGARA -  |x SIGLO XX 
910 |a Fondo General 
920 |a Impresos - Libros 
930 |a Colección General 
940 |a Literatura 
905 |a 101 
901 |a 027971  |b IT1  |c LIT  |i 027971  |u 20250521 
901 |a 027972  |b IT1  |c LIT  |i 027972  |u 20250521 
902 |a https://opac.biblio.iteso.mx/vufind/Record/000224794